000 00608cam a2200229 4500
008 090401t1990 xxu||||| |||| 00| 0 eng d
020 _a0850584116
035 _a(Sirsi) u43472
041 _aeng
050 _a332.1025
245 _aBecket`s directory : a who`s who of UK finance
260 _aLondon
_bEconomist Publications Limited
_c1990
300 _axv,797p. ; 25cm.
350 _a95
490 _aEconomist
_vDirectories
650 _aBIOGRAPHIES
650 _aDIRECTORIES
650 _aFINANCIAL INSTITUTIONS
700 _aHarrison, Gerard.
_xEditor
942 _n0
948 _c04/03/1997
999 _c91335
_d91335